| 000 | 00686nam a2200241 a 4500 | ||
|---|---|---|---|
| 005 | 20210219152954.0 | ||
| 008 | 991125n 000 0 u | ||
| 035 | _aUPN01000069879 | ||
| 100 | _aCollins, Norma Decker | ||
| 222 | _aJOURNAL OF READING BEHAVIOR | ||
| 245 | _aA crack in time : A student travesing paradigms | ||
| 300 | _a403-411 | ||
| 362 | _a24, No. 4, 1992 | ||
| 505 | _aSeptiembre 1993 | ||
| 653 | 0 | _aANALISIS ESTADISTICO | |
| 653 | 0 | _aEDUCACION SUPERIOR | |
| 653 | 0 | _aINVESTIGACION DE CALIDAD | |
| 653 | 0 | _aMETODOLOGIA DE LA INVESTIGACION | |
| 653 | 0 | _aPROGRAMAS DOCTORALES | |
| 700 | _aCollins, James R. | ||
| 904 |
_aAC _b007690 |
||
| 905 | _aArticulo | ||
| 999 |
_c65155 _d65155 |
||